| 000 | 00863nam a22003017a 4500 | ||
|---|---|---|---|
| 003 | CHAP | ||
| 005 | 20220817042058.0 | ||
| 008 | 971013s1198 r 00010 d | ||
| 010 | _a33877 | ||
| 011 | _a34849 | ||
| 035 | _a38965 | ||
| 040 | _cCHAP | ||
| 090 | _aFolleto 10448 | ||
| 100 | 0 | 0 |
_aMelville, R. C. _974492 |
| 245 | _aAssessment of wildlife damage in forests | ||
| 260 |
_aLondon : _bHer Majesty's Stationery Office, _c11983 |
||
| 300 | _a19 p | ||
| 490 |
_aLeaflet _v; 82 |
||
| 590 |
_aBATCH-UPD _b10 _c20130110 _lUCH01 _h1627 |
||
| 590 |
_aCONVERSION _b10 _c20130109 _lUCH01 _h1319 |
||
| 650 | 1 | 4 |
_aVida silvestre y bosques. _9119214 |
| 700 | 0 |
_aRennolls, K. _995963 |
|
| 700 | 0 |
_aTee, L. A. _9111984 |
|
| 830 | 0 |
_aLeaflet _v; 82 |
|
| 901 | _aBK | ||
| 942 | _cFOLL | ||
| 949 |
_aFolleto 10448 _bBC _cFOLL _d-89068 _eTS1 _gI.c/e _i38965 _mDir _si _t1.35 |
||
| 999 |
_c33877 _d33877 |
||